BIBLIOTECA

SENCICO

Memoria descriptiva del proyecto "Guimel" (Registro nro. 9817)

Detalles MARC
000 -LEADER
Campo de control de longitud fija 00855nam a22002057a 4500
003 - IDENTIFICADOR DEL NÚMERO DE CONTROL
Campo de control PE SENCICO BE
005 - FECHA Y HORA DE LA ÚLTIMA TRANSACCIÓN
Campo de control 20260122194816.0
008 - ELEMENTOS DE LONGITUD FIJA - INFORMACIÓN GENERAL
Campo de control de longitud fija 260116b |||||||| |||| 00| 0 eng d
040 ## - FUENTE DE CATALOGACIÓN
Origen de catalogación PE SENCICO BE
Agencia que realiza la transcripción PE SENCICO BE
041 ## - CÓDIGO DE IDIOMA
Idioma del texto spa
084 ## - OTRO NÚMERO DE CLASIFICACIÓN
Código de clasificación I
-- DIB
-- 1998
Notación Interna M26
100 1# - ASIENTO PRINCIPAL--NOMBRE PERSONAL
Autor Personal Martinez Tejada, José Antonio
9 (RLIN) 200
Término relacionado autor
245 1# - MENCIÓN DEL TITULO
Título Memoria descriptiva del proyecto "Guimel"
Subtítulo vivienda unifamiliar área 240 m2 /
Mención de responsabilidad José Antonio Martínez Tejada
260 ## - PUBLICACIÓN, DISTRIBUCIÓN, ETC. (PIE DE IMPRENTA)
Lugar de publicación, distribución, etc. Lima :
Fecha de publicación, distribución, etc. 1998
300 ## - DESCRIPCIÓN FÍSICA
Paginación [40] hojas :
Dimensión 29 cm.
502 ## - Nota de tesis
Nota de tesis Monografía de Titulación.-- Servicio Nacional de Capacitación para la Industria de la Construcción. Escuela Superior Técnica. Carrera Profesional Técnica en Dibujo en Construcción Civil, 1998
710 1# - ASIENTO SECUNDARIO--NOMBRE CORPORATIVO
Nombre corporativo o de jurisdicción como elemento de entrada Instituto de Educación Superior Sencico
9 (RLIN) 201
Término de relación autor
910 ## - RESPONSABLE DEL REGISTRO
Coordinador de procesamiento de la información hfp
942 ## - ELEMENTOS DE KOHA
Fuente de clasificación o esquema de estanterías Dewey Decimal Classification
Tipo de documento Libros
999 ## -
-- 9817
-- 9817
Existencias
Estado Retiro Estado Perdido Sistema de Clasificación o Esquema de Estantería Estado Dañado No es para préstamo Ubicación Permanente Ubicación Actual Fecha de adquisición Número de Ingreso o Inventario Total Checkouts Signatura topográfica completa Código de Barras Date last seen Precio efectivo desde Tipo de ítem
    Dewey Decimal Classification     Biblioteca Central Lima Biblioteca Central Lima 16/01/2026 10256   I/DIB/1998/M26 BibLima26012638 16/01/2026 16/01/2026 Libros